00935nam a2200229 a 450000100100000000500170001000800410002704000250006808200080009310000500010124501590015126000390031030000200034949000190036949000320038850101120042056300610053270000300059383000260062383000390064999900170068800003984220240305135410.0130725s19uu ag 000 0 spa d aDO-SdBNPbspacBNPHU axxx1 aGarcía Márquez, Gabriel,b1928-20149180410aIsabel viendo llover en macondo ;bLos cuentos de Gabriel García Márquez o el Trópico desembrujado /cGabriel García Márquez, Ernesto Volkening. aBuenos Aires :bEstuario,c[19uu]. a21 p. ;c18 cm.1 aEl perseguidor1 aNarradores latinoamericanos aEncuadernado con: Los cuentos de Gabriel García Márquez o el Trópico desembrujado /Ernesto Volkening. aDos obras encuadernada juntas con paginación continua.1 aVolkening, Ernesto966030 0aEl perseguidor966031 0aNarradores latinoamericanos966032 c39332d39332